Book review - Fair trial and judicial independence Hungarian perspectives (Ius Gentium: Comparative perspectives on law and Justice book 27) by Attila Badó (ed.), Springer International Publishing /

Elmentve itt :
Bibliográfiai részletek
Szerző: Hamdi Wael
További közreműködők: Badó Attila
Dokumentumtípus: Cikk
Megjelent: Szegedi Tudományegyetem, Állam- és Jogtudományi Kar, Összehasonlító Jogi és Jogelméleti Intézet Szeged 2024
Sorozat:Comparative Law Working Papers 8 No. 1
Kulcsszavak:Jogtudomány - összehasonlító - könyvismertetés, Alkotmányjog - magyar - könyvismertetés, Bírói függetlenség - könyvismertetés
Tárgyszavak:
Online Access:http://acta.bibl.u-szeged.hu/86695
LEADER 01095nab a2200217 i 4500
001 acta86695
005 20250218100346.0
008 250218s2024 hu o 000 eng d
022 |a 2560-1911 
040 |a SZTE Egyetemi Kiadványok Repozitórium  |b hun 
041 |a eng 
100 1 |a Hamdi Wael 
245 1 0 |a Book review - Fair trial and judicial independence  |h [elektronikus dokumentum] :  |b Hungarian perspectives (Ius Gentium: Comparative perspectives on law and Justice book 27) by Attila Badó (ed.), Springer International Publishing /  |c  Hamdi Wael 
260 |a Szegedi Tudományegyetem, Állam- és Jogtudományi Kar, Összehasonlító Jogi és Jogelméleti Intézet  |b Szeged  |c 2024 
300 |a 3 
490 0 |a Comparative Law Working Papers  |v 8 No. 1 
650 4 |a Társadalomtudományok 
650 4 |a Jogtudomány 
695 |a Jogtudomány - összehasonlító - könyvismertetés, Alkotmányjog - magyar - könyvismertetés, Bírói függetlenség - könyvismertetés 
700 0 1 |a Badó Attila 
856 4 0 |u http://acta.bibl.u-szeged.hu/86695/1/comparative_law_2024_001_009.pdf  |z Dokumentum-elérés